000
00205 a2200109 4500
020
_a
9788424625368
041
_a
spa
100
_a
Boada, Francesc
245
_a
Cenicienta
942
_c
BK
999
_c
29686
_d
29684
999
_d
29684